The definition of standard ML : revised /
Guardado en:
| Otros Autores: | |
|---|---|
| Formato: | Libro |
| Idioma: | English |
| Publicado: |
Cambridge, Mass. :
MIT Press,
1997.
|
| Materias: | |
| Etiquetas: |
Agregar Etiqueta
Sin Etiquetas, Sea el primero en etiquetar este registro!
|
| LEADER | 00686cam a2200205 a 4500 | ||
|---|---|---|---|
| 001 | DCC.dcic000539 | ||
| 008 | 970113s1997####maua#####b####001#0#eng## | ||
| 005 | 20151124134051.0 | ||
| 245 | 0 | 4 | |a The definition of standard ML : |b revised / |c Robin Milner ... [et al.]. |
| 260 | |a Cambridge, Mass. : |b MIT Press, |c 1997. | ||
| 300 | |a xiii, 114 p. : |b il. ; |c 23 cm. | ||
| 504 | |a Incluye referencias bibliográficas e índice. | ||
| 020 | |a 0262631814 (alk. paper) | ||
| 700 | 1 | |a Milner, R. |q (Robin), |d 1934- | |
| 082 | 0 | 0 | |a 005.13/3 |2 21 |
| 650 | 0 | |a ML (Computer program language) | |
| 010 | |a 97000059 | ||
| 040 | |a DLC |c DLC |d DLC | ||
| 050 | 0 | 0 | |a QA76.73.M6 |b D44 1997 |
| 859 | |a DCIC |b BIB. COMPUTACION |p 0723 | ||
